Datum a čas kvízu
31
Celkem bodů
Celkový počet nahraných bodů na tomto kvízu bez doplňovacích otázek.
5.
Pořadí na kvízu
Konečné umístění týmu na tomto kvízu.
Zaznamenané odpovědi
| # | Otázka | Odpověď | Body | Výsledky |
|---|---|---|---|---|
| 1. | V pondělí jsme si připomněli D... | Jan Cina | 1 | |
| 2. | Na obrázku můžete vidět Leonor... | za lososa | 0 | |
| 3. | Která česká kapela odehrála v... | J.A.R. | 1 | |
| 4. | Relativně málo známý Portrét E... | Gustav Klimt | 1 | |
| 5. | V pátek obletělo sociální sítě... | Rytíři Kladno | 1 | |
| 6. | Za půl bodu uveďte název ameri... | Bratrstvo neohrožených/Band of Brothers; rota E/Easy Company | 0 | |
| 7. | Seřaďte následující vojenské h... | 1D 2A 3C 4B | 1 | |
| 8. | Po půl bodu uveďte jméno inter... | Karel Kryl; Píseň neznámého vojína | 0.5 | |
| 9. | Jednotka českých a slovenských... | o Francii | 1 | |
| 10. | Ve kterém satirickém románu vy... | Hlava XXII (Catch-22) | 0 |